| 000 | 00648 a2200241 4500 | ||
|---|---|---|---|
| 001 | 112358 | ||
| 020 | _a1600441866 | ||
| 020 | _a9781595155474 | ||
| 041 | _apor | ||
| 090 | _aSK 578 WHI | ||
| 092 | _a2006017575 | ||
| 250 | _a. ed. | ||
| 300 | _a24 p. | ||
| 490 | _aWhitehouse, Patricia, 1958- Animal habitats | ||
| 697 | _aRain forests | ||
| 830 | _aWhitehouse, Patricia, 1958- Animal habitats | ||
| 856 | _u000020/000020f1.jpg | ||
| 040 |
_aBR-BrIDEA _cBR-BrIDEA |
||
| 100 |
_aWhitehouse, Patricia _d1958 |
||
| 245 | 1 | 0 |
_aLiving in the rainforest _c Patricia Whitehouse |
| 260 |
_aVero Beach, FL _bRourke Pub. _c2007 |
||
| 942 | _cBK | ||
| 999 |
_c112358 _d112358 |
||